|
|
|
|
| LEADER |
01514nam a22003975i 4500 |
| 001 |
978-94-6300-058-1 |
| 003 |
DE-He213 |
| 005 |
20151204153808.0 |
| 007 |
cr nn 008mamaa |
| 008 |
150427s2015 ne | s |||| 0|eng d |
| 020 |
|
|
|a 9789463000581
|9 978-94-6300-058-1
|
| 024 |
7 |
|
|a 10.1007/978-94-6300-058-1
|2 doi
|
| 040 |
|
|
|d GrThAP
|
| 050 |
|
4 |
|a L1-991
|
| 072 |
|
7 |
|a JN
|2 bicssc
|
| 072 |
|
7 |
|a EDU000000
|2 bisacsh
|
| 082 |
0 |
4 |
|a 370
|2 23
|
| 245 |
1 |
0 |
|a Mentoring for Learning
|h [electronic resource] :
|b “Climbing the Mountain” /
|c edited by Harm Tillema, Gert J. van der Westhuizen, Kari Smith.
|
| 264 |
|
1 |
|a Rotterdam :
|b SensePublishers :
|b Imprint: SensePublishers,
|c 2015.
|
| 300 |
|
|
|a XVI, 346 p.
|b online resource.
|
| 336 |
|
|
|a text
|b txt
|2 rdacontent
|
| 337 |
|
|
|a computer
|b c
|2 rdamedia
|
| 338 |
|
|
|a online resource
|b cr
|2 rdacarrier
|
| 347 |
|
|
|a text file
|b PDF
|2 rda
|
| 520 |
|
|
|a No doubt, students appreciate the talks they have with their mentors but do they learn from it as well? Conversations can be comforting or confronting, but.
|
| 650 |
|
0 |
|a Education.
|
| 650 |
1 |
4 |
|a Education.
|
| 650 |
2 |
4 |
|a Education, general.
|
| 700 |
1 |
|
|a Tillema, Harm.
|e editor.
|
| 700 |
1 |
|
|a Westhuizen, Gert J. van der.
|e editor.
|
| 700 |
1 |
|
|a Smith, Kari.
|e editor.
|
| 710 |
2 |
|
|a SpringerLink (Online service)
|
| 773 |
0 |
|
|t Springer eBooks
|
| 856 |
4 |
0 |
|u http://dx.doi.org/10.1007/978-94-6300-058-1
|z Full Text via HEAL-Link
|
| 912 |
|
|
|a ZDB-2-SHU
|
| 950 |
|
|
|a Humanities, Social Sciences and Law (Springer-11648)
|